<?xml version="1.0" encoding="UTF-8"?>
<record
    xmlns:xsi="http://www.w3.org/2001/XMLSchema-instance"
    xsi:schemaLocation="http://www.loc.gov/MARC21/slim http://www.loc.gov/standards/marcxml/schema/MARC21slim.xsd"
    xmlns="http://www.loc.gov/MARC21/slim">

  <leader>01985cam a22003371ia4500</leader>
  <controlfield tag="003">SA-RiAUC</controlfield>
  <controlfield tag="005">20250730054414.0</controlfield>
  <controlfield tag="008">250729s1998    le     g      000 0 ara c</controlfield>
  <datafield tag="040" ind1=" " ind2=" ">
    <subfield code="a">SA-JeALM</subfield>
    <subfield code="b">ara</subfield>
    <subfield code="c">SA-RiAUC</subfield>
    <subfield code="e">rda</subfield>
  </datafield>
  <datafield tag="050" ind1="1" ind2="4">
    <subfield code="b">Q73 1998</subfield>
  </datafield>
  <datafield tag="082" ind1="0" ind2="4">
    <subfield code="a">251.6</subfield>
  </datafield>
  <datafield tag="090" ind1=" " ind2=" ">
    <subfield code="a">251.6</subfield>
    <subfield code="b"> &#x642; &#x631; &#x627;</subfield>
  </datafield>
  <datafield tag="100" ind1="1" ind2=" ">
    <subfield code="a">&#x627;&#x644;&#x642;&#x631;&#x627;&#x641;&#x64A;&#x60C; &#x623;&#x62D;&#x645;&#x62F; &#x628;&#x646; &#x625;&#x62F;&#x631;&#x64A;&#x633; &#x628;&#x646; &#x639;&#x628;&#x62F; &#x627;&#x644;&#x631;&#x62D;&#x645;&#x646;&#x60C;</subfield>
    <subfield code="d">626-684 &#x647;&#x62C;&#x631;&#x64A;</subfield>
    <subfield code="e">&#x645;&#x624;&#x644;&#x641;.</subfield>
  </datafield>
  <datafield tag="245" ind1="1" ind2="2">
    <subfield code="a">&#x627;&#x644;&#x641;&#x631;&#x648;&#x642;&#x60C; &#x623;&#x648;&#x60C; &#x623;&#x646;&#x648;&#x627;&#x631; &#x627;&#x644;&#x628;&#x631;&#x648;&#x642; &#x641;&#x64A; &#x623;&#x646;&#x648;&#x627;&#x621; &#x627;&#x644;&#x641;&#x631;&#x648;&#x642; /</subfield>
    <subfield code="c">&#x623;&#x62D;&#x645;&#x62F; &#x628;&#x646; &#x625;&#x62F;&#x631;&#x64A;&#x633; &#x627;&#x644;&#x642;&#x631;&#x627;&#x641;&#x64A;. &#x648;&#x645;&#x639;&#x647; &#x623;&#x62F;&#x631;&#x627;&#x631; &#x627;&#x644;&#x634;&#x631;&#x648;&#x642; &#x639;&#x644;&#x64A; &#x623;&#x646;&#x648;&#x627;&#x621; &#x627;&#x644;&#x641;&#x631;&#x648;&#x642; / &#x627;&#x628;&#x646; &#x627;&#x644;&#x634;&#x627;&#x637;. &#x648;&#x628;&#x62D;&#x627;&#x634;&#x64A;&#x629; &#x627;&#x644;&#x643;&#x62A;&#x627;&#x628;&#x64A;&#x646; &#x62A;&#x647;&#x630;&#x64A;&#x628; &#x627;&#x644;&#x641;&#x631;&#x648;&#x642; &#x648;&#x627;&#x644;&#x642;&#x648;&#x627;&#x639;&#x62F; &#x627;&#x644;&#x633;&#x646;&#x64A;&#x629; &#x641;&#x64A; &#x627;&#x644;&#x623;&#x633;&#x631;&#x627;&#x631; &#x627;&#x644;&#x641;&#x642;&#x647;&#x64A;&#x629; / &#x645;&#x62D;&#x645;&#x62F; &#x628;&#x646; &#x639;&#x644;&#x64A; &#x62D;&#x633;&#x64A;&#x646; &#x61B; &#x636;&#x628;&#x637;&#x647; &#x648;&#x635;&#x62D;&#x62D;&#x647; &#x62E;&#x644;&#x64A;&#x644; &#x627;&#x644;&#x645;&#x646;&#x635;&#x648;&#x631;.</subfield>
  </datafield>
  <datafield tag="246" ind1="3" ind2="3">
    <subfield code="a">&#x623;&#x646;&#x648;&#x627;&#x631; &#x627;&#x644;&#x628;&#x631;&#x648;&#x642; &#x641;&#x64A; &#x623;&#x646;&#x648;&#x627;&#x621; &#x627;&#x644;&#x641;&#x631;&#x648;&#x642;</subfield>
  </datafield>
  <datafield tag="250" ind1=" " ind2=" ">
    <subfield code="a">&#x627;&#x644;&#x637;&#x628;&#x639;&#x629; &#x627;&#x644;&#x623;&#x648;&#x644;&#x649;.</subfield>
  </datafield>
  <datafield tag="264" ind1=" " ind2="1">
    <subfield code="a">&#x628;&#x64A;&#x631;&#x648;&#x62A; :</subfield>
    <subfield code="b">&#x62F;&#x627;&#x631; &#x627;&#x644;&#x643;&#x62A;&#x628; &#x627;&#x644;&#x639;&#x644;&#x645;&#x64A;&#x629;&#x60C;</subfield>
    <subfield code="c">1998</subfield>
  </datafield>
  <datafield tag="300" ind1=" " ind2=" ">
    <subfield code="a">4 &#x645;&#x62C;&#x644;&#x62F; &#x61B;</subfield>
    <subfield code="c">24 &#x633;&#x645;</subfield>
  </datafield>
  <datafield tag="336" ind1=" " ind2=" ">
    <subfield code="a">&#x646;&#x635;</subfield>
    <subfield code="b">txt</subfield>
    <subfield code="2">rdacontent</subfield>
    <subfield code="3">&#x643;&#x62A;&#x627;&#x628;</subfield>
  </datafield>
  <datafield tag="337" ind1=" " ind2=" ">
    <subfield code="a">&#x628;&#x62F;&#x648;&#x646; &#x648;&#x633;&#x64A;&#x637;</subfield>
    <subfield code="b">n</subfield>
    <subfield code="2">rdamedia</subfield>
  </datafield>
  <datafield tag="338" ind1=" " ind2=" ">
    <subfield code="a">&#x645;&#x62C;&#x644;&#x62F;</subfield>
    <subfield code="b">nc</subfield>
    <subfield code="2">rdacarrier</subfield>
  </datafield>
  <datafield tag="650" ind1=" " ind2="7">
    <subfield code="a">&#x623;&#x635;&#x648;&#x644; &#x627;&#x644;&#x641;&#x642;&#x647; &#x627;&#x644;&#x625;&#x633;&#x644;&#x627;&#x645;&#x64A;</subfield>
    <subfield code="2">aucsh</subfield>
  </datafield>
  <datafield tag="650" ind1=" " ind2="7">
    <subfield code="a">&#x627;&#x644;&#x641;&#x642;&#x647; &#x627;&#x644;&#x625;&#x633;&#x644;&#x627;&#x645;&#x64A;</subfield>
    <subfield code="2">aucsh</subfield>
  </datafield>
  <datafield tag="650" ind1=" " ind2="7">
    <subfield code="a">&#x627;&#x644;&#x642;&#x648;&#x627;&#x639;&#x62F; &#x627;&#x644;&#x641;&#x642;&#x647;&#x64A;&#x629;</subfield>
    <subfield code="2">aucsh</subfield>
  </datafield>
  <datafield tag="700" ind1="1" ind2=" ">
    <subfield code="a">&#x627;&#x644;&#x645;&#x646;&#x635;&#x648;&#x631;&#x60C; &#x62E;&#x644;&#x64A;&#x644; &#x639;&#x645;&#x631;&#x627;&#x646;</subfield>
    <subfield code="e">&#x645;&#x635;&#x62D;&#x62D;.</subfield>
  </datafield>
  <datafield tag="700" ind1="1" ind2="2">
    <subfield code="i">&#x645;&#x639; :</subfield>
    <subfield code="a">&#x627;&#x628;&#x646; &#x627;&#x644;&#x634;&#x627;&#x637;&#x60C; &#x642;&#x627;&#x633;&#x645; &#x628;&#x646; &#x639;&#x628;&#x62F; &#x627;&#x644;&#x644;&#x647; &#x628;&#x646; &#x645;&#x62D;&#x645;&#x62F;&#x60C;</subfield>
    <subfield code="d">643-723 &#x647;&#x62C;&#x631;&#x64A;.</subfield>
    <subfield code="t">&#x625;&#x62F;&#x631;&#x627;&#x631; &#x627;&#x644;&#x634;&#x631;&#x648;&#x642; &#x639;&#x644;&#x649; &#x623;&#x646;&#x648;&#x627;&#x621; &#x627;&#x644;&#x641;&#x631;&#x648;&#x642;.</subfield>
  </datafield>
  <datafield tag="700" ind1="1" ind2="2">
    <subfield code="i">&#x645;&#x639; :</subfield>
    <subfield code="a">&#x627;&#x644;&#x645;&#x627;&#x644;&#x643;&#x64A;&#x60C; &#x645;&#x62D;&#x645;&#x62F; &#x639;&#x644;&#x64A; &#x628;&#x646; &#x62D;&#x633;&#x64A;&#x646; &#x628;&#x646; &#x625;&#x628;&#x631;&#x627;&#x647;&#x64A;&#x645;&#x60C;</subfield>
    <subfield code="d">1287-1367 &#x647;&#x62C;&#x631;&#x64A;.</subfield>
    <subfield code="t">&#x62A;&#x647;&#x630;&#x64A;&#x628; &#x627;&#x644;&#x641;&#x631;&#x648;&#x642;.</subfield>
  </datafield>
  <datafield tag="700" ind1="1" ind2="2">
    <subfield code="i">&#x645;&#x639; :</subfield>
    <subfield code="a">&#x627;&#x644;&#x645;&#x627;&#x644;&#x643;&#x64A;&#x60C; &#x645;&#x62D;&#x645;&#x62F; &#x639;&#x644;&#x64A; &#x628;&#x646; &#x62D;&#x633;&#x64A;&#x646; &#x628;&#x646; &#x625;&#x628;&#x631;&#x627;&#x647;&#x64A;&#x645;&#x60C;</subfield>
    <subfield code="d">1287-1367 &#x647;&#x62C;&#x631;&#x64A;.</subfield>
    <subfield code="t">&#x627;&#x644;&#x642;&#x648;&#x627;&#x639;&#x62F; &#x627;&#x644;&#x633;&#x646;&#x64A;&#x629; &#x641;&#x64A; &#x627;&#x644;&#x623;&#x633;&#x631;&#x627;&#x631; &#x627;&#x644;&#x641;&#x642;&#x647;&#x64A;&#x629;.</subfield>
  </datafield>
  <datafield tag="942" ind1=" " ind2=" ">
    <subfield code="2">ddc</subfield>
    <subfield code="c">BOOK</subfield>
    <subfield code="n">0</subfield>
  </datafield>
  <datafield tag="949" ind1=" " ind2=" ">
    <subfield code="a">SA-JeALM</subfield>
    <subfield code="d">250729</subfield>
    <subfield code="u">osman123</subfield>
    <subfield code="n">1</subfield>
  </datafield>
  <datafield tag="952" ind1=" " ind2=" ">
    <subfield code="0">0</subfield>
    <subfield code="1">0</subfield>
    <subfield code="2">ddc</subfield>
    <subfield code="3">&#x627;&#x644;&#x645;&#x62C;&#x644;&#x62F; &#x627;&#x644;&#x627;&#x648;&#x644;</subfield>
    <subfield code="4">0</subfield>
    <subfield code="7">0</subfield>
    <subfield code="a">WAHAB</subfield>
    <subfield code="b">WAHAB</subfield>
    <subfield code="d">2025-07-30</subfield>
    <subfield code="l">0</subfield>
    <subfield code="o">251.6 &#x642; &#x631; &#x627;</subfield>
    <subfield code="p">000016908</subfield>
    <subfield code="r">2025-07-30 05:45:00</subfield>
    <subfield code="w">2025-07-30</subfield>
    <subfield code="y">BOOK</subfield>
  </datafield>
  <datafield tag="952" ind1=" " ind2=" ">
    <subfield code="0">0</subfield>
    <subfield code="1">0</subfield>
    <subfield code="2">ddc</subfield>
    <subfield code="3">&#x627;&#x644;&#x645;&#x62C;&#x644;&#x62F; &#x627;&#x644;&#x62B;&#x627;&#x646;&#x64A;</subfield>
    <subfield code="4">0</subfield>
    <subfield code="7">0</subfield>
    <subfield code="a">WAHAB</subfield>
    <subfield code="b">WAHAB</subfield>
    <subfield code="d">2025-07-30</subfield>
    <subfield code="l">0</subfield>
    <subfield code="o">251.6 &#x642; &#x631; &#x627;</subfield>
    <subfield code="p">000016909</subfield>
    <subfield code="r">2025-07-30 05:45:00</subfield>
    <subfield code="w">2025-07-30</subfield>
    <subfield code="y">BOOK</subfield>
  </datafield>
  <datafield tag="952" ind1=" " ind2=" ">
    <subfield code="0">0</subfield>
    <subfield code="1">0</subfield>
    <subfield code="2">ddc</subfield>
    <subfield code="3">&#x627;&#x644;&#x645;&#x62C;&#x644;&#x62F; &#x627;&#x644;&#x62B;&#x627;&#x644;&#x62B; </subfield>
    <subfield code="4">0</subfield>
    <subfield code="7">0</subfield>
    <subfield code="a">WAHAB</subfield>
    <subfield code="b">WAHAB</subfield>
    <subfield code="d">2025-07-30</subfield>
    <subfield code="l">0</subfield>
    <subfield code="o">251.6 &#x642; &#x631; &#x627;</subfield>
    <subfield code="p">000016910</subfield>
    <subfield code="r">2025-07-30 05:45:00</subfield>
    <subfield code="w">2025-07-30</subfield>
    <subfield code="y">BOOK</subfield>
  </datafield>
  <datafield tag="952" ind1=" " ind2=" ">
    <subfield code="0">0</subfield>
    <subfield code="1">0</subfield>
    <subfield code="2">ddc</subfield>
    <subfield code="3">&#x627;&#x644;&#x645;&#x62C;&#x644;&#x62F; &#x627;&#x644;&#x631;&#x627;&#x628;&#x639;</subfield>
    <subfield code="4">0</subfield>
    <subfield code="7">0</subfield>
    <subfield code="a">WAHAB</subfield>
    <subfield code="b">WAHAB</subfield>
    <subfield code="d">2025-07-30</subfield>
    <subfield code="l">0</subfield>
    <subfield code="o">251.6 &#x642; &#x631; &#x627;</subfield>
    <subfield code="p">000016911</subfield>
    <subfield code="r">2025-07-30 05:45:00</subfield>
    <subfield code="w">2025-07-30</subfield>
    <subfield code="y">BOOK</subfield>
  </datafield>
  <datafield tag="999" ind1=" " ind2=" ">
    <subfield code="c">10387</subfield>
    <subfield code="d">10387</subfield>
  </datafield>
</record>
